|
|
|
|
| LEADER |
00000nam a2200000Ii 4500 |
| 001 |
DIGUCAUCA0102 |
| 003 |
NyNyDIG |
| 006 |
m o d |
| 007 |
cr ||||||||||| |
| 008 |
220503s2020 ck a ob 000 0 spa d |
| 035 |
|
|
|a (OCoLC)1301902914
|
| 040 |
|
|
|a DGITA
|b eng
|e rda
|e pn
|c DGITA
|
| 020 |
|
|
|a 9789587324327
|q eBook
|q pdf
|
| 020 |
|
|
|z 9789587324310
|
| 043 |
|
|
|a s-ck---
|
| 050 |
1 |
4 |
|a LB2361 ebook
|
| 082 |
0 |
4 |
|a 375
|
| 100 |
1 |
|
|a Gutiérrez Ruiz, Elio Fabio,
|e author.
|
| 245 |
1 |
0 |
|a Currículo, formación y universidad :
|b retos y asimetrías en inclusión social y pedagógica /
|c Elio Fabio Gutiérrez Ruiz.
|
| 250 |
|
|
|a Primera edición en español.
|
| 264 |
|
1 |
|a Popayán, Colombia :
|b editorial UC, Editorial Universidad del Cauca,
|c 2020.
|
| 300 |
|
|
|a 1 online resource :
|b illustrations.
|
| 336 |
|
|
|a text
|b txt
|2 rdacontent
|
| 337 |
|
|
|a computer
|b c
|2 rdamedia
|
| 338 |
|
|
|a online resource
|b cr
|2 rdacarrier
|
| 347 |
|
|
|a text file
|2 rdaft
|
| 347 |
|
|
|b PDF
|
| 504 |
|
|
|a Includes bibliographical references.
|
| 588 |
0 |
|
|a Online resource; title from PDF title page (Digitalia, viewed May 3, 2022)
|
| 650 |
|
0 |
|a Curriculum planning
|x Social aspects
|z Colombia.
|
| 650 |
|
0 |
|a Education, Higher
|x Social aspects
|z Colombia.
|
| 650 |
|
0 |
|a Education, Higher
|x Moral and ethical aspects
|z Colombia.
|
| 650 |
|
0 |
|a Right to education
|z Colombia.
|
| 655 |
|
0 |
|a Electronic books.
|
| 791 |
2 |
|
|a Digitalia (Firm),
|e distributor.
|
| 793 |
0 |
|
|g Digitalia eBook Collection:
|a Editorial Universidad del Cauca
|
| 776 |
0 |
8 |
|i Print version:
|a Gutiérrez Ruiz, Elio Fabio.
|t Currículo, formación y universidad.
|b Primera edición en español.
|d Popayán, Colombia : editorial UC, Editorial Universidad del Cauca, 2020
|z 9789587324310
|
| 856 |
4 |
0 |
|3 Digitalia Hispánica
|u https://www.digitaliapublishing.com/a/111393/
|
| 910 |
|
|
|a Premium collection: 2022
|